Life of pi: a novel

محفوظ في:
التفاصيل البيبلوغرافية
المؤلف الرئيسي: Martel, Yann (autor)
التنسيق: كتاب
اللغة:الإنجليزية
منشور في: Toronto Vintage Canada 2012
الطبعة:1a. ed
سلاسل:Rincón Canadá
الموضوعات:
الوسوم: إضافة وسم
لا توجد وسوم, كن أول من يضع وسما على هذه التسجيلة!

MARC

LEADER 00000cam a2200000 a 4500
001 UCE3656
003 CL-VaPUC
008 140911e20120000cn |||||||||||||||||eng|d
020 |a 9780307363053 
082 0 4 |a C813  |b MAR  |2 21 
100 |a Martel, Yann  |e autor  |9 576115 
245 1 0 |a Life of pi: a novel 
250 |a 1a. ed 
300 |a 354 p 
942 |c BK 
945 |d 20140911 14:25:00  |a arojas 
260 |a Toronto  |b Vintage Canada  |c 2012 
650 0 |a Novelas canadienses  |9 261026 
650 0 |a Ficción narrativa  |9 387672 
650 0 |a Navegación   |9 255384 
650 0 |a Literatura canadiense  |9 342826 
651 7 |a OCEANO PACIFICO  |2 CL-VaPUC  |9 262019 
583 |a last modification  |c 20140911 14:25:00  |k Rodrigo Vera 
490 0 |a Rincón Canadá 
999 |c 356843  |d 356841 
952 |0 0  |1 0  |3 erb  |4 0  |6 C_813_000000000000000_MAR_2012  |7 0  |8 A  |9 464600  |a BIBEDU  |b BIBEDU  |i 511408K  |o C813 MAR 2012  |p 511408K  |r 2019-11-23  |w 2019-11-23  |y BK  |z Catalogado en:20140911  |k LIT